|
|
|
|
| LEADER |
00000nas a22000007i 4500 |
| 001 |
ssj0001454069 |
| 003 |
WaSeSS |
| 005 |
20200512172242.0 |
| 006 |
m d |
| 007 |
cr n |
| 008 |
140723c20099999nyutr p s 0 a0eng |
| 010 |
|
|
|a 2014202924
|
| 022 |
|
|
|a 2374-0531
|y 1947-6299
|
| 035 |
|
|
|a (WaSeSS)ssj0001454069
|
| 037 |
|
|
|b Nova Science Publishers Inc., 400 Oser Ave., Suite 1600, Hauppauge, NY 11788-3619
|c $75.00 (single issue), $220.00 (per yr.)
|
| 040 |
|
|
|a DLC
|b eng
|c DLC
|d DLC
|d OCLCO
|d COO
|d AU@
|d WaSeSS
|
| 042 |
|
|
|a pcc
|a nsdp
|
| 050 |
0 |
0 |
|a GV561
|b .A74
|
| 082 |
1 |
0 |
|a 796
|2 14
|
| 222 |
|
0 |
|a Athletic insight journal
|b (Online)
|
| 245 |
0 |
0 |
|a Athletic insight journal
|h [electronic resource].
|
| 246 |
1 |
|
|a Athletic insight
|
| 260 |
|
|
|a Hauppauge, NY :
|b Nova Science Publisher,
|b 2009-
|
| 310 |
|
|
|a Three times a year
|
| 362 |
1 |
|
|a Began with: Volume 1, issue 1 (2009)
|
| 506 |
|
|
|a License restrictions may limit access.
|
| 588 |
|
|
|a Description based on: Vol. 1, issue 1 (2009); title from PDF cover image (Nova Science website, viewed on July 23, 2014).
|
| 588 |
|
|
|a Latest issue consulted: Volume 3, issue 3 (viewed on July 23, 2014).
|
| 650 |
|
0 |
|a Athletics
|v Periodicals.
|
| 650 |
|
7 |
|a Athletics.
|2 fast
|0 (OCoLC)fst00820127
|
| 655 |
|
0 |
|a Electronic journals.
|
| 776 |
0 |
8 |
|i Print version:
|t Athletic insight journal
|x 1947-6299
|w (DLC) 2009202414
|w (OCoLC)316552777
|
| 856 |
4 |
0 |
|z Full text available from Research Library: 01/01/2012 to 09/30/2015
|u https://search.proquest.com/publication/2034813
|